| 000 | 01113nam a2200277Ia 4500 | ||
|---|---|---|---|
| 003 | OSt | ||
| 005 | 20221005103610.0 | ||
| 006 | a|||||r|||| 00| 0 | ||
| 007 | ta | ||
| 008 | 221004b |||||||| |||| 00| 0 hin d | ||
| 020 |
_a818524636X (hbk) _c200 |
||
| 024 | _a102946 | ||
| 037 |
_b463, 12/02/2010, Eastern Book Linkers _cTextual |
||
| 040 |
_aCRL _cCRL _bhin |
||
| 041 |
_2hin _ahin |
||
| 082 | _aQ1:g(LB), 152P1 | ||
| 100 | _aद्विवेदी, कपिलदेव | ||
| 245 | 0 | _aवेदों में आयुर्वेद | |
| 246 | _aVedoan mean āyurveda | ||
| 260 |
_aज्ञानपुर _bविश्वभारती अनुसंधान परिषद् भारत _c2001 |
||
| 300 |
_a296पृ0 _ccm. |
||
| 490 | _aवेदामृतम्; 13 - 16 | ||
| 700 | _a द्विवेदी, भारतेन्दु | ||
| 942 |
_hQ1:g(LB), 152P1 _cTEXL _2cc |
||
| 999 |
_c1010392 _d1010392 |
||